MESTSKÁ KNIŽNICA GIRALTOVCE  - online katalóg 

Ostrov tučniakov (Record no. 10560)

000 -NÁVESTIE
fixed length control field 00785nam a2200229 a 4500
008 - ÚDAJE S PEVNOU DĹŽKOU – VŠEOBECNÉ INFORMÁCIE
fixed length control field 070711s1975||||xo g 000 0 slo d
020 ## - MEDZINÁRODNÉ ŠTANDARDNÉ ČÍSLO KNIHY (ISBN)
Údaje o dostupnosti 28
040 ## - ZDROJ KATALOGIZÁCIE
Pôvodná katalogizujúca agentúra SNK
Jazyk katalogizácie slo
Prepisujúca agentúra SNK
Konvencie popisu AACR2
041 1# - KÓD JAZYKA
Kód jazyka textu/zvukovej stopy alebo samostatných nápisov slo
Kód jazyka originálu a/alebo sprostredkujúcich prekladov textu fre
044 ## - KÓD KRAJINY VYDAVATEĽA/PRODUCENTA
Kód krajiny MARC xo
Kód krajiny ISO SK
-- SK
072 #7 - KÓD PREDMETOVEJ KATEGÓRIE
Kód predmetovej kategórie 821.133.1-3
Pododdiel kódu predmetovej kategórie Francúzska próza, francúzsky písaná
Zdroj konspekt
080 ## - ČÍSLO MEDZINÁRODNÉHO DESATINNÉHO TRIEDENIA (MDT)
Číslo Medzinárodného desatinného triedenia (MDT) 821.133.1-3
Identifikátor vydania 2001
080 ## - ČÍSLO MEDZINÁRODNÉHO DESATINNÉHO TRIEDENIA (MDT)
Číslo Medzinárodného desatinného triedenia (MDT) (0:82-313.1)
Identifikátor vydania 2001
100 1# - OSOBNÉ MENÁ – VŠEOBECNÉ INFORMÁCIE
Osobné meno France, Anatole
Dátumy súvisiace s menom 1844-1924
240 10 - UNIFIKOVANÝ NÁZOV
Unifikovaný názov L'île des pingouins
Jazyk diela Slovensky
245 10 - NÁZOV
Názov Ostrov tučniakov
Údaj o zodpovednosti atď. Anatole France ; [z francúzskeho originálu preložila a poznámkami doplnila Michaela Jurovská]
260 ## - VYDAVATEĽSKÉ ÚDAJE, DISTRIBÚCIA ATĎ.
Miesto publikovania, distribúcie atď. Bratislava
Dátum publikovania, distribúcie atď. 1975
Názov vydavateľa, distibútora atď. Pravda
300 ## - FYZICKÝ POPIS
Rozmery 21 cm
490 1# - EDÍCIA
Edícia Odeon
Zväzok/sekvenčné označenie 37. zv.
700 1# - PRIDANÝ VSTUP – OSOBNÉ MENO
Kód roly trl
-- oth
765 #0 - VÄZBA NA PÔVODNÝ JAZYK
Názov L'île des pingouins. Slovensky
Záhlavie hlavného vstupu France, Anatole, 1844-1924
Holdings
Stav stiahnutia (Blokovanie) (Withrawn status) Stav straty Stav poškodenia (Damaged status) Nie pre výpožičky (Not for loan) Spôsob nadobudnutia (Collection code) Trvalé umiestnenie Aktuálne umiestnenie Dátum nadobudnutia Náklady, bežná kúpna cena Inventárne číslo (prírastkové číslo) Full call number Dátum posledného výskytu Cena s účinnosťou od Typ jednotky Koha
        Kúpa Mestská knižnica Giraltovce Mestská knižnica Giraltovce 2019-11-29 28.00 09933 B 4112 2019-11-29 2019-11-29 Krásna literatúra pre dospelých

Powered by Koha